|
|
|
|
| LEADER |
00000nam0a2200000 4500 |
| 001 |
69547 |
| 005 |
20231101212444.0 |
| 010 |
|
|
|a 5020326313
|
| 035 |
|
|
|a (RuTPU)RU\TPU\book\74046
|
| 090 |
|
|
|a 69547
|
| 100 |
|
|
|a 20041027d2004 k y0rusy50 ca
|
| 101 |
0 |
|
|a rus
|
| 102 |
|
|
|a RU
|
| 105 |
|
|
|a с z 011zd
|
| 200 |
1 |
|
|a Избранные вопросы p-адической математической физики и анализа
|e сборник статей
|f Российская Академия наук
|
| 210 |
|
|
|a Москва
|c Наука
|d 2004
|
| 215 |
|
|
|a 304 с.
|c портр.
|
| 225 |
1 |
|
|a Труды Математического института им. В. А. Стеклова
|v Т. 245
|
| 300 |
|
|
|a К 80-летию со дня рождения академика В. С. Владимирова
|
| 320 |
|
|
|a Библиогр. в конце статей
|
| 606 |
|
|
|a Математическая физика
|2 stltpush
|3 (RuTPU)RU\TPU\subj\41221
|9 61028
|
| 610 |
1 |
|
|a р- адические распределения
|
| 610 |
1 |
|
|a ассоциативные алгебры
|
| 610 |
1 |
|
|a полевые уравнения
|
| 610 |
1 |
|
|a теория поля
|
| 610 |
1 |
|
|a задача Коши
|
| 610 |
1 |
|
|a когнитивная информация
|
| 610 |
1 |
|
|a квантовая динамика
|
| 610 |
1 |
|
|a преобразование Фурье
|
| 610 |
1 |
|
|a алгебра Холфа
|
| 610 |
1 |
|
|a логические отображения
|
| 675 |
|
|
|a 53:51
|v 3
|
| 712 |
0 |
2 |
|a Российская Академия наук
|
| 801 |
|
1 |
|a RU
|b 63413507
|c 20041027
|g PSBO
|
| 801 |
|
2 |
|a RU
|b 63413507
|c 20180413
|g PSBO
|
| 942 |
|
|
|c BK
|